000 01391nam a2200349 i 4500
001 000039159
003 DO-SdBNP
005 20250908094050.0
007 ta
008 130604s2012 dr ac 000 0 spa d
020 _a9789945473865
040 _aDO-SdBNP
_bspa
_cBNPHU
_erda
041 _aspa
082 4 _a972.9324
_bR173b
_222
100 1 _aRamírez de Rodríguez, Águeda Celeste Antonia
_eautor
_965360
_4aut.
245 1 0 _aBarahona y su gente :
_bun enfoque cultural /
_cÁgueda Celeste Antonia Ramírez de Rodríguez.
264 _aSanto Domingo, República Dominicana :
_bEditorial Santuario,
_c2012.
300 _a501 páginas :
_bilustraciones, retratos ;
_c24 cm.
336 _ardacontent
_btexto
_2txt
337 _ardamedia
_bsin mediación
_2n
338 _ardacarrier
_bvolumen
_2nc
500 _aIncluye datos biográficos de la autora en la solapa de la cubierta
500 _aIncluye referencias bibliográficas y notas al pie de las páginas
500 _aIncluye anexos
504 _aBibliografía : páginas 481-489
590 _aInventariado, 2025/DG
651 4 _aBarahona (República Dominicana)
_xVida social y costumbres
_9782
651 4 _aBarahona (República Dominicana)
_xCondiciones económicas
_938805
651 4 _aBarahona (República Dominicana)
_xCondiciones sociales
_965361
910 _aValidado. Control de calidad MFF
942 _2ddc
_cLBS1
999 _c38649
_d38649